[Event "ROM-ch"]
[Site "Calimanesti Caciulata"]
[Date "2017.03.29"]
[Round "5"]
[White "Ognean, Mihnea Ionut"]
[Black "Juravle, Mihnea Marian"]
[Result "1-0"]
[WhiteElo "2128"]
[BlackElo "1868"]
[PlyCount "87"]
[EventDate "2017.03.25"]
[EventType "swiss"]
[EventRounds "9"]
[EventCountry "ROU"]
[SourceTitle "CBM 177 Extra"]
[Source "ChessBase"]
[SourceDate "2017.04.27"]
[SourceVersion "1"]
[SourceVersionDate "2017.04.27"]
[SourceQuality "1"]

1. e4 c5 2. Nf3 d6 3. d4 cxd4 4. Nxd4 Nf6 5. Nc3 a6 6. Be3 Ng4 7. Bg5 h6 8. Bh4 g5 9. Bg3 Bg7 10. h3 Ne5 11. f3 Nbc6 12. Bf2 Bd7 13. Qd2 Rc8 14. Nd5 b5 15. Nxb5 Qa5 16. Qxa5 Nxa5 17. Nd4 Nec4 18. 0-0-0 e6 19. Ne3 Ke7 20. Nxc4 Nxc4 21. b3 Na3 22. c4 Nb5 23. Kb2 Nxd4 24. Bxd4 Bxd4+ 25. Rxd4 h5 26. Be2 e5 27. Rd2 g4 28. h4 g3 29. Rhd1 Rh6 30. b4 a5 31. b5 f5 32. Kb3 fxe4 33. fxe4 Bg4 34. Bxg4 hxg4 35. Rd3 Rxh4 36. Rxd6 Rh2 37. Rd7+ Kf6 38. R1d2 Rf8 39. b6 Kg5 40. b7 Rh1 41. Kc2 Rb8 42. c5 Rh6 43. Kd3 Rc6 44. Kc4 1-0

[Event "ROM-ch U14"]
[Site "Baile Felix"]
[Date "2017.02.08"]
[Round "8"]
[White "Juravle, Mihnea Marian"]
[Black "Gheorghiu, Alexandru Dan"]
[Result "0-1"]
[WhiteElo "1965"]
[BlackElo "1712"]
[PlyCount "94"]
[EventDate "2017.02.02"]
[EventType "swiss"]
[EventRounds "9"]
[EventCountry "ROU"]
[SourceTitle "CBM 176 Extra"]
[Source "ChessBase"]
[SourceDate "2017.03.02"]
[SourceVersion "1"]
[SourceVersionDate "2017.03.02"]
[SourceQuality "1"]

1. e4 e5 2. Nf3 Nc6 3. Bc4 Bc5 4. c3 Nf6 5. d4 exd4 6. cxd4 Bb4+ 7. Nbd2 Nxe4 8. d5 Ne7 9. 0-0 Nxd2 10. Bxd2 Bxd2 11. d6 cxd6 12. Qxd2 d5 13. Bxd5 Nxd5 14. Qxd5 0-0 15. Qd6 b6 16. Rfe1 Bb7 17. Re7 Bxf3 18. gxf3 Re8 19. Rae1 Rxe7 20. Rxe7 h6 21. Qxd7 Qxd7 22. Rxd7 a6 23. a4 Re8 24. Rb7 Re6 25. b4 Rf6 26. Kg2 g6 27. Kg3 Kg7 28. f4 h5 29. h4 Rd6 30. Kf3 Rd3+ 31. Ke4 Ra3 32. Rxb6 Rxa4 33. Ke5 Ra2 34. f3 Ra3 35. f5 Rxf3 36. f6+ Kh6 37. Rb7 Rf5+ 38. Ke4 Rxf6 39. b5 axb5 40. Rxb5 Ra6 41. Ke5 f6+ 42. Kd5 Ra4 43. Ke6 Rxh4 44. Kf7 Rc4 45. Rb6 Kg5 46. Rb5+ f5 47. Rb6 Rc7+ 0-1

[Event "ROM-ch U14"]
[Site "Calimanesti Caciulata"]
[Date "2016.04.24"]
[Round "8"]
[White "Kelemen, Norbert1111"]
[Black "Juravle, Mihnea Marian"]
[Result "0-1"]
[WhiteElo "1652"]
[BlackElo "1830"]
[PlyCount "80"]
[EventDate "2016.04.18"]
[EventType "swiss"]
[EventRounds "9"]
[EventCountry "ROU"]
[SourceTitle "CBM 172 Extra"]
[Source "ChessBase"]
[SourceDate "2016.06.21"]
[SourceVersion "1"]
[SourceVersionDate "2016.06.21"]
[SourceQuality "1"]

1. e4 c5 2. Nc3 Nc6 3. g3 d6 4. Bg2 g6 5. d3 Bg7 6. Nge2 Rb8 7. a4 a6 8. Be3 Nd4 9. 0-0 e6 10. Qd2 b5 11. axb5 axb5 12. Rfb1 Ne7 13. Nd1 0-0 14. c3 Nb3 15. Qc2 Nxa1 16. Rxa1 b4 17. Qd2 Re8 18. c4 Bb7 19. d4 Qc7 20. Rb1 cxd4 21. Bxd4 Bxd4 22. Qxd4 Qc5 23. Qd3 d5 24. cxd5 exd5 25. Rc1 dxe4 26. Bxe4 Bxe4 27. Qxe4 Qb5 28. Nd4 Qd5 29. Qxd5 Nxd5 30. Rc5 Re1+ 31. Kg2 Nf4+ 32. gxf4 Rxd1 33. Nf3 b3 34. Ne5 Rd2 35. Rc7 Rxb2 36. Nxf7 Rc2 37. Nh6+ Kh8 38. Rd7 b2 39. Nf7+ Kg8 40. Nh6+ Kf8 0-1

[Event "EU-ch U12 25th"]
[Site "Porec"]
[Date "2015.09.23"]
[Round "3"]
[White "Mammadov, Sadig"]
[Black "Juravle, Mihnea Marian"]
[Result "1-0"]
[WhiteElo "1871"]
[BlackElo "1623"]
[PlyCount "122"]
[EventDate "2015.09.21"]
[EventType "swiss"]
[EventRounds "9"]
[EventCountry "CRO"]
[SourceTitle "EXT 2016"]
[Source "ChessBase"]
[SourceDate "2015.10.08"]
[SourceVersion "1"]
[SourceVersionDate "2015.10.08"]
[SourceQuality "1"]

1. e4 e5 2. Nf3 Nc6 3. Bc4 Bc5 4. d3 Nf6 5. 0-0 0-0 6. c3 d5 7. exd5 Nxd5 8. Re1 Nb6 9. Bb3 Bg4 10. Bc2 f5 11. Nbd2 Qf6 12. Nf1 Rad8 13. Bg5 Bxf3 14. Bb3+ Kh8 15. Bxf6 Bxd1 16. Bxd8 Bxb3 17. axb3 Rxd8 18. b4 Bd6 19. b5 Ne7 20. Rxa7 Rb8 21. Nd2 g6 22. Nb3 Nd7 23. Raa1 b6 24. Kf1 Kg7 25. g3 Nd5 26. Nd2 Nc5 27. Ke2 Re8 28. Nc4 Bf8 29. Ra7 e4 30. d4 Nd3 31. Rea1 Kf6 32. Ne3 Nxe3 33. fxe3 Bd6 34. b4 g5 35. Ra8 Re7 36. Rf8+ Rf7 37. Rxf7+ Kxf7 38. Ra8 h6 39. Rh8 Kg7 40. Rc8 Kf7 41. c4 Nxb4 42. c5 bxc5 43. dxc5 Be5 44. b6 cxb6 45. cxb6 Na6 46. Rc6 Kg7 47. Re6 Bb8 48. b7 Nc5 49. Re8 Na6 50. Re6 Nc7 51. Rc6 h5 52. Rc5 Ne6 53. Ra5 Kg6 54. Ra8 Bc7 55. b8Q Bxb8 56. Rxb8 h4 57. gxh4 gxh4 58. Kf2 Ng5 59. Rb6+ Kh5 60. Rf6 Nf3 61. h3 Kg5 1-0

[Event "ROM-ch U12"]
[Site "Calimanesti"]
[Date "2015.04.03"]
[Round "6"]
[White "Mintau, Andrei Catalin"]
[Black "Juravle, Mihnea Marian"]
[Result "0-1"]
[WhiteElo "1615"]
[BlackElo "1521"]
[PlyCount "108"]
[EventDate "2015.03.30"]
[EventType "swiss"]
[EventRounds "9"]
[EventCountry "ROU"]
[SourceTitle "CBM 165 Extra"]
[Source "ChessBase"]
[SourceDate "2015.04.21"]
[SourceVersion "1"]
[SourceVersionDate "2015.04.21"]
[SourceQuality "1"]

1. e4 e5 2. Nf3 Nc6 3. Bc4 Bc5 4. c3 Nf6 5. d4 exd4 6. e5 d5 7. Bb5 Ne4 8. cxd4 Bb4+ 9. Bd2 Nxd2 10. Nfxd2 0-0 11. Bxc6 bxc6 12. a3 Be7 13. b4 Ba6 14. Nc3 f6 15. Qa4 Bb7 16. Nf3 fxe5 17. Nxe5 Bd6 18. 0-0 Bxe5 19. dxe5 Qg5 20. Rae1 Qd2 21. Nb1 Qg5 22. Qa5 Rf7 23. f4 Qf5 24. Qc5 Qe6 25. f5 Rxf5 26. Rxf5 Qxf5 27. b5 Qe6 28. Nc3 a6 29. bxa6 Bxa6 30. a4 Rf8 31. Qa7 Qxe5 32. Rb1 Bd3 33. Rd1 Qxc3 34. Qe3 d4 35. Qxd3 Qxd3 36. Rxd3 c5 37. Rd1 Ra8 38. Rc1 Ra5 39. Kf2 Kf7 40. Kf3 Ke6 41. Ke4 g6 42. h3 Kd6 43. Ra1 c6 44. Ra3 h5 45. Ra2 Ra7 46. Ra1 Re7+ 47. Kd3 Re3+ 48. Kd2 Rg3 49. Rg1 Ra3 50. Kc2 Rxa4 51. g4 hxg4 52. Rxg4 d3+ 53. Kxd3 Rxg4 54. hxg4 Kd5 0-1

[Event "ROM-ch U12"]
[Site "Calimanesti"]
[Date "2015.03.31"]
[Round "2"]
[White "Secrieru, Andrei Cristian"]
[Black "Juravle, Mihnea Marian"]
[Result "1-0"]
[WhiteElo "1627"]
[BlackElo "1521"]
[PlyCount "111"]
[EventDate "2015.03.30"]
[EventType "swiss"]
[EventRounds "9"]
[EventCountry "ROU"]
[SourceTitle "CBM 165 Extra"]
[Source "ChessBase"]
[SourceDate "2015.04.21"]
[SourceVersion "1"]
[SourceVersionDate "2015.04.21"]
[SourceQuality "1"]

1. d4 Nf6 2. Nf3 e6 3. c4 b6 4. Qc2 Bb7 5. e3 Bb4+ 6. Bd2 Bxd2+ 7. Nbxd2 0-0 8. Bd3 d5 9. 0-0 Nbd7 10. cxd5 exd5 11. Ne5 h6 12. Nc6 Qe8 13. Rac1 Nc5 14. dxc5 Qxc6 15. b4 d4 16. e4 b5 17. Nb3 Rad8 18. Na5 Qa6 19. c6 Bc8 20. a4 Qb6 21. axb5 Rfe8 22. Rfe1 Re7 23. f3 Rde8 24. Kh1 Nd5 25. Qd2 Nc3 26. Nc4 Qb8 27. Na3 Be6 28. Bf1 Qb6 29. Nb1 Na2 30. Rc2 Rd8 31. Bc4 Bxc4 32. Rxc4 Qxb5 33. Qxa2 d3 34. Rd1 a5 35. bxa5 Re6 36. h3 Rxc6 37. Rxc6 Qxc6 38. Qd2 Qc2 39. Na3 Qb3 40. Nb1 Qc2 41. Nc3 Qb3 42. Nd5 c6 43. Qxd3 Qxd3 44. Rxd3 cxd5 45. Rxd5 Ra8 46. Kg1 Kf8 47. Kf2 Ke7 48. Ke3 Rc8 49. a6 Ra8 50. Ra5 Kd6 51. Kd4 f6 52. Ra1 g5 53. a7 h5 54. Ra6+ Kd7 55. Rxf6 Rxa7 56. Rf7+ 1-0

[Event "ROM-ch U12"]
[Site "Calimanesti"]
[Date "2014.04.13"]
[Round "9"]
[White "Juravle, Mihnea Marian"]
[Black "Secrieru, Andrei Cristian"]
[Result "1/2-1/2"]
[WhiteElo "1458"]
[BlackElo "1658"]
[PlyCount "125"]
[EventDate "2014.04.06"]
[EventType "swiss"]
[EventRounds "9"]
[EventCountry "ROU"]
[SourceTitle "CBM 160 Extra"]
[Source "ChessBase"]
[SourceDate "2014.07.01"]
[SourceVersion "1"]
[SourceVersionDate "2014.07.01"]
[SourceQuality "1"]

1. e4 c6 2. d4 d5 3. e5 Bf5 4. h4 h6 5. g4 Be4 6. f3 Bh7 7. Bd3 Bxd3 8. Qxd3 e6 9. f4 Be7 10. Nf3 Nd7 11. f5 Qa5+ 12. Bd2 Qb6 13. Bc3 0-0-0 14. fxe6 fxe6 15. Qg6 Bb4 16. Qxg7 Bxc3+ 17. Nxc3 Qxb2 18. Kd2 Ne7 19. Qxe7 Rhe8 20. Qh7 Rh8 21. Qd3 Nb6 22. Rab1 Qa3 23. Rb3 Qe7 24. Rhb1 Qf7 25. Rf1 Qf4+ 26. Ke2 Qxg4 27. Rg1 Qf4 28. Qg6 Rde8 29. Qf6 Qxf6 30. exf6 Reg8 31. Rxg8+ Rxg8 32. f7 Rf8 33. Ne5 Nc4 34. Nxc4 dxc4 35. Rb1 Rxf7 36. Ke3 Rg7 37. Ne4 Kc7 38. Nc5 Kc8 39. Nxe6 Re7 40. d5 cxd5 41. Kd4 Rxe6 42. Kxd5 Re2 43. c3 Rxa2 44. Rb4 b6 45. Rxc4+ Kd7 46. Rg4 Ra5+ 47. Kd4 Ra4+ 48. c4 b5 49. Rg7+ Ke8 50. Kc5 Rxc4+ 51. Kxb5 Rxh4 52. Rxa7 Rf4 53. Rh7 Rf6 54. Kc4 Kf8 55. Kd4 Kg8 56. Ra7 h5 57. Ra5 Rh6 58. Ke4 h4 59. Kf3 h3 60. Ra1 h2 61. Kg2 Kg7 62. Rh1 Rg6+ 63. Kxh2 1/2-1/2